A novel analytical approach for visualizing and tracking organic chemicals in plants /
Spremljeno u:
| Daljnji autori: | , , , , |
|---|---|
| Format: | Članak |
| Jezik: | English |
| Teme: | |
| Oznake: |
Dodaj oznaku
Bez oznaka, Budi prvi tko označuje ovaj zapis!
|
| Thư viện lưu trữ: | Thư viện Trường Đại học Đà Lạt |
|---|
| LEADER | 00956nam a2200325 4500 | ||
|---|---|---|---|
| 001 | DLU090094857 | ||
| 005 | ##20091201 | ||
| 040 | # | # | |a DLU |b eng |
| 041 | # | # | |a eng |
| 044 | # | # | |a us |
| 245 | # | # | |a A novel analytical approach for visualizing and tracking organic chemicals in plants / |c Edward Wild ... [et al.]. |
| 653 | # | # | |a Cereal crop |
| 653 | # | # | |a Fluorescence |
| 653 | # | # | |a Microscopy |
| 653 | # | # | |a Pollutants |
| 700 | # | # | |a Barber, Jonathan L. |
| 700 | # | # | |a Dent, John. |
| 700 | # | # | |a Jones, Kevin C. |
| 700 | # | # | |a Thomas, Gareth O. |
| 700 | # | # | |a Wild, Edward. |
| 773 | # | # | |t Environmental Science & Technology |g Vol. 38, no. 15 (August 2004), p. 4195-4199 |
| 920 | # | # | |a Phòng Tạp chí -- Trung tâm Thông tin - Thư viện Trường Đại học Đà Lạt |
| 994 | # | # | |a DLU |
| 900 | # | # | |a True |
| 911 | # | # | |a Trương Bảo Trâm Anh |
| 925 | # | # | |a G |
| 926 | # | # | |a A |
| 927 | # | # | |a BB |
| 980 | # | # | |a Thư viện Trường Đại học Đà Lạt |